|
|
|
|
| LEADER |
00618nab a2200181 i 4500 |
| 001 |
misc45011 |
| 005 |
20191106141046.0 |
| 008 |
181015s1996 hu o 0|| zxx d |
| 022 |
|
|
|a 1215-5233
|
| 040 |
|
|
|a SZTE Miscellanea Repozitórium
|b hun
|
| 041 |
|
|
|a zxx
|
| 100 |
1 |
|
|a Radics Viktória
|
| 245 |
1 |
0 |
|a Carmen perpetuum
|h [elektronikus dokumentum] :
|b Ovidiusról /
|c Radics Viktória
|
| 260 |
|
|
|c 1996
|
| 300 |
|
|
|a 23-31
|
| 490 |
0 |
|
|a Iskolakultúra
|v 6 No. 5
|
| 695 |
|
|
|a Latin irodalom - költészet, Publius Ovidius Naso
|
| 856 |
4 |
0 |
|u http://misc.bibl.u-szeged.hu/45011/1/iskolakultura_1996_005_023-031.pdf
|z Dokumentum-elérés
|